000 00637nam a22002537a 4500
003 UA-OsUOA
001 20400
007 ta
008 20031028b un ||||| |||| 00| 0 ukr d
100 _aОблянцев М.И.
700 _aВасильева М.И.
090 _a910.4 (40+571:540)
_bО-19
942 _cBK
040 _aUA-OsUOA
_brus
_cUA-OsUOA
_dUA-OsUOA
245 _aИндия глазами советских друзей
300 _a181 с.
955 _a0
041 _arus
080 _a910.4 (40+571:540)
260 _aМосква
_bНаука
_c1979
044 _aRU
650 7 _2UDC
999 _c306577
_d306577